| 000 | 00489caa a22001572a 4500 | ||
|---|---|---|---|
| 001 | 015616 | ||
| 003 | AR-FADEU | ||
| 008 | 311216n########xxu####################dd | ||
| 092 |
_a861.3 _bP745pe |
||
| 100 | _aBalbuena, Bernardo de | ||
| 245 | _aEl Bernardo | ||
| 300 | _aPP. 79-110 | ||
| 500 | _aEn: Poesía épica de la edad de oro / Zaragoza : Ebro, 1961 | ||
| 942 | _cBDGR | ||
| 999 |
_c21374 _d21374 |
||
| 773 | 0 |
_021372 _921088 _a _b2a. ed _dZaragoza _o8374 _tPOESIA épica de la edad de oro _w( AR-FADEU) 015614 _x _z |
|